| 000 -LEADER |
| fixed length control field |
00555cam a22001217a 4500 |
| 008 - FIXED-LENGTH DATA ELEMENTS--GENERAL INFORMATION |
| fixed length control field |
180718b2001 xxu||||| |||| 00| 0 eng d |
| 082 ## - DEWEY DECIMAL CLASSIFICATION NUMBER |
| Classification number |
R153096 ST73 |
| 245 ## - TITLE STATEMENT |
| Title |
Stopping forced labour: global report under the follow-up to the ILO declaration on fundamental principles and rights at work (International Labour Conference, 89th session 2001, report I(B)) |
| Statement of responsibility, etc. |
International Labour Office |
| 260 ## - PUBLICATION, DISTRIBUTION, ETC. |
| Place of publication, distribution, etc. |
Geneva |
| Name of publisher, distributor, etc. |
International Labour Office |
| Date of publication, distribution, etc. |
2001 |
| 300 ## - PHYSICAL DESCRIPTION |
| Extent |
128+p. |
| 650 ## - SUBJECT ADDED ENTRY--TOPICAL TERM |
| Topical term or geographic name entry element |
Forced labour - Conference proceedings |
| 700 ## - ADDED ENTRY--PERSONAL NAME |
| Personal name |
International Labour Office |